000 01027nam a22002777a 4500
005 20230124112537.0
008 230124b ||||| |||| 00| 0 eng d
020 _a9789393850072
040 _cAL
041 _aEnglish
082 _223
_a651.75
_bKUMM
100 _aH L Kumar
_969689
245 _aModel Appointment Letters Service Rules and Standing Orders
250 _a7
260 _aNew Delhi
_bLaw and Justice Publishing Co
_c2023
300 _a354 p.
_bPB
_c23x15 cm.
365 _a7018
_b₹476.00
_c
_d₹595.00
_e20%
_f05-01-2023
520 _a* Model Appointment Letters for various categories of employees * Model Services Rules for establishments, hospitals and private schools * Model Standing orders for Industrial Establishments
650 _aModel Service Rules
_969682
650 _aModel Standing Orders
_969683
650 _aSelection of Employees
_969684
650 _aModel Appointment Letters
_969685
700 _aKUMAR (H L)
_969686
700 _aKUMAR (Gaurav)
_969687
942 _2ddc
_cBK
999 _c226414
_d226414